Antecedentes históricos sobre la ciudad de bahia blanca /
Guardado en:
| Autor Principal: | |
|---|---|
| Formato: | Libro |
| Publicado: |
Buenos Aires :
Sociedad Impresora Americana,
1950
|
| Materias: | |
| Etiquetas: |
Agregar Etiqueta
Sin Etiquetas, Sea el primero en etiquetar este registro!
|
| LEADER | 00592nam a22001815a 4500 | ||
|---|---|---|---|
| 001 | CEM.cems005449 | ||
| 005 | 20060220000000.0 | ||
| 008 | 130507s1950##################000#0#####d | ||
| 003 | CEMS | ||
| 082 | 0 | 4 | |a 982.1 |
| 100 | 1 | |a Rigamonti, Esteban S | |
| 245 | 1 | 0 | |a Antecedentes históricos sobre la ciudad de bahia blanca / |
| 260 | |a Buenos Aires : |b Sociedad Impresora Americana, |c 1950 | ||
| 300 | |a 106 p. | ||
| 653 | |a Historia | ||
| 653 | |a Historia de bahia blanca | ||
| 859 | |a CEMS |b BIB. CEMS - 11 de abril |h 982.1 |i R449 |p 8072.80 |t Ej.2 | ||
| 859 | |a CEMS |b BIB. CEMS - 11 de abril |h 982.1 |i R449 |p 9261.81 |t Ej.1 | ||
